000 00621nam a2200169 i 4500
001 34456
003 ES-MaACL
005 20230906154934.0
007 t|
008 030207s1970 sp ||||1| spa d
100 1 _aBonet Correa, José.
_930127
245 1 3 _aLa constitución de las servidumbres por signo aparente
_b: La "destinación del padre de familia" /
_cJosé Bonet Correa.
260 _aMadrid :
_bJunta de Estudios Económicos, Jurídicos y Sociales,
_c1970.
300 _aXX, 142 p. ;
_c24 cm.
710 2 _aJunta de Estudios Económicos, Jurídicos y Sociales.
_95391
852 _aES-MaACL
_jC-37643
_bR.76705
999 _c34456
_d34456